Történeteink vége Krasznahorkai László: Báró Wenckheim hazatér /

Elmentve itt :
Bibliográfiai részletek
Szerző: Szabó Gábor
Dokumentumtípus: Cikk
Megjelent: 2017
Sorozat:MŰÚT: IRODALMI, MŰVÉSZETI ÉS KRITIKAI FOLYÓIRAT 62 No. 59
Tárgyszavak:
mtmt:3235892
Online Access:http://publicatio.bibl.u-szeged.hu/37937
LEADER 00687nab a2200193 i 4500
001 publ37937
005 20251021135815.0
008 251021s2017 hu o 000 hun d
022 |a 1789-1965 
024 7 |a 3235892  |2 mtmt 
040 |a SZTE Publicatio Repozitórium  |b hun 
041 |a hun 
100 1 |a Szabó Gábor 
245 1 0 |a Történeteink vége   |h [elektronikus dokumentum] :  |b Krasznahorkai László: Báró Wenckheim hazatér /  |c  Szabó Gábor 
260 |c 2017 
300 |a 64-70 
490 0 |a MŰÚT: IRODALMI, MŰVÉSZETI ÉS KRITIKAI FOLYÓIRAT  |v 62 No. 59 
650 4 |a Nyelvek és irodalom 
856 4 0 |u http://publicatio.bibl.u-szeged.hu/37937/7/3235892%20%281%29.pdf  |z Dokumentum-elérés